इन्साफ (Record no. 36655)

MARC details
000 -LEADER
fixed length control field 00478nam a2200181Ia 4500
008 - FIXED-LENGTH DATA ELEMENTS--GENERAL INFORMATION
fixed length control field 090122s9999 xx 000 0 und d
082 ## - DEWEY DECIMAL CLASSIFICATION NUMBER
Item number 12578
100 ## - MAIN ENTRY--PERSONAL NAME
Personal name कदम
Numeration बाबा
245 ## - TITLE STATEMENT
Title इन्साफ
260 ## - PUBLICATION, DISTRIBUTION, ETC. (IMPRINT)
Name of publisher, distributor, etc दिलीपराज
Date of publication, distribution, etc 2007
300 ## - PHYSICAL DESCRIPTION
Extent 316
501 ## - WITH NOTE
With note दिलीपराज प्रकाशन
600 ## - SUBJECT ADDED ENTRY--PERSONAL NAME
Personal name कदम
630 ## - SUBJECT ADDED ENTRY--UNIFORM TITLE
Uniform title इन्साफ
700 ## - ADDED ENTRY--PERSONAL NAME
Personal name कदम
730 ## - ADDED ENTRY--UNIFORM TITLE
Uniform title इन्साफ
942 ## - ADDED ENTRY ELEMENTS (KOHA)
Koha item type Book
Holdings
Withdrawn status Lost status Damaged status Not for loan Home library Current library Date acquired Source of acquisition Cost, normal purchase price Total Checkouts Full call number Barcode Date last seen Copy number Cost, replacement price Price effective from Koha item type
        Dombivali Granthasangrahalaya, Dombivali Dombivali Granthasangrahalaya, Dombivali 01/22/2009 दिलीपराज प्रकाशन 325.00   12578 DOM-12578 01/22/2009 1 325.00 01/22/2009 Book